Регионална библиотека "Любен Каравелов" - Русе

Литература (Запис номер 94369)

MARC детайли
000 -Лидер
Контролно поле с фиксирана дължина 02370nam a2200457 c 4500
003 - Код на организацията, давaща контролен номер
Контролно поле BLK
005 - Дата и час на последна редакция
Контролно поле 20230407030359.0
008 - Елементи от данни с фиксирана дължина
fixed length control field 180408b bul|||||r ||||||| ||bul||
010 ## - Наследен системен номер
LC control number KNG00099190000
020 ## - Международен стандартен номер на книга ISBN
Международен стандартен номер на книга ISBN 978-954-426-851-0
-- издат.: Анубис
040 ## - Източник на каталожния запис
Идентификатор на билиотеката - собственик на записа BLK
041 ## - Код за език
Код за езика на текст/звукозапис или на отделно заглавие Български
Код за езика КДБФ Български
072 #7 - Код за тематичната категория
Код организация bullib
Код за тематична категория Н372
Текст Учебни предмети. Учебници Н
080 ## - УДК
Текстов определител УДК Българска литература в основното училище. Методика на обучението
УДК код - определител по УДК 373.3.016:821.163.2
УДК определител (076)(075.2)
УДК - код + определител 373.3.016:821.163.2(076)(075.2)
080 ## - УДК
Текстов определител УДК Литературна дейност. Редактиране. Култура на речта. Стилистика. Литературна техника
УДК код - определител по УДК 808
УДК определител (075.2)
УДК - код + определител 808(075.2)
100 1# - Редна дума - Автор
Автор Протохристова, Клео Стефанова
Авторска отговорност първи автор
R(LIN) 366887
139 ## - Редно поле
Редна дума Протохристова, Клео Стефанова и др.
Авторски знак Прот - П 92
245 10 - Сведения за заглавието
Заглавие Литература
Подзаглавни данни Теми и тестове VІІІ кл.
Редно поле (дума) Клео Стефанова Протохристова; съавт. Екатерина Иванова Петкова; съавт. Теодора Банчева Ботушарова.
257 ## - Страна на издаване
Страна на създаване/издаване България
260 ## - Област на издателските данни
-- София
Име на издателя, разпространителя и проч. Анубис
Година на издаване 2009
Печатница София : печ. Вулкан
300 ## - Физическа характеристика
Страници 188 с.
Размери/Мащаб 21 см
380 ## - Жанр
Жанр Обществени науки
500 ## - Общи забележки
Забележка Кор. загл. Знаещи и можещи по литература. - Офс. изд. - Доп. тир. 2010.
650 #4 - Допълнително описание по предмет – тема
Основно описание – тема или топоним Българска литература - учебници за основни училища
9 (RLIN) 250869
650 #4 - Допълнително описание по предмет – тема
Основно описание – тема или топоним Съчинение и преразказ - учебници за основни училища
9 (RLIN) 242721
653 ## - Ключова дума – ненормативна
Ключова дума българска литература
653 ## - Ключова дума – ненормативна
Ключова дума теми
653 ## - Ключова дума – ненормативна
Ключова дума тестове
653 ## - Ключова дума – ненормативна
Ключова дума съчинение
653 ## - Ключова дума – ненормативна
Ключова дума преразказ
653 ## - Ключова дума – ненормативна
Ключова дума VІІІ кл.
653 ## - Ключова дума – ненормативна
Ключова дума учебници за основни училища
659 ## - Тематичен бюлетин
Тематичен бюлетин Н
700 1# - Други автори (авторска отговорност)
Лично име Петкова, Екатерина Иванова
Автороска отговорност (Описва отношението между автора и произведението) съавт.
9 (RLIN) 373969
700 1# - Други автори (авторска отговорност)
Лично име Ботушарова, Теодора Банчева
Автороска отговорност (Описва отношението между автора и произведението) съавт.
9 (RLIN) 305901
852 ## - Местоположение
Форматна сигнатура Цб 250639
856 4# - Електронен адрес и достъп
Електронен формат pdf - файл
Път до файла /url/
856 4# - Електронен адрес и достъп
Електронен формат pdf - файл
Път до файла /url/
942 ## - АРТИКУЛИ
Вид на библиотечния материал Книги
Скрит в OPAC Не
944 ## - СЪЗДАВАНЕ И РЕДАКЦИЯ на ЗАПИСА
Създаване/Редакция Създаване
Дата на регистрацията/редакция 26.01.2011
Статус, дата на статуса ф /
Служител, извършил регистрацията/редакцията Людмила_Стоянова
944 ## - СЪЗДАВАНЕ И РЕДАКЦИЯ на ЗАПИСА
Създаване/Редакция Редакция
Дата на регистрацията/редакция 21.02.2013
Статус, дата на статуса ф /
Служител, извършил регистрацията/редакцията
999 ## - СИСТЕМНИ КОНТРОЛНИ НОМЕРА
Koha biblionumber 94369
Koha biblioitemnumber 94369
Наличности
Код за отписване Код за изгубен артикул Код за повреда Коз за рестрикции Код за отдаване Артикулен № Име на библиотеката - собственик Име на библиотеката, в която се намира в момента Статус (Текущо местоположение) Дата на вписване в системата Местоположение - отдел Цена в лева Инвентарен номер Систематично азбучна сигнатура Баркод Номер на екземпляра Цена в евро Служебна бележка Служебен тип на артикула Източник на класификационната схема
  Не е изгубен Не е повреден без рестрикции ползва се в читалня 151530 Регионална библиотека "Любен Каравелов" Русе Регионална библиотека "Любен Каравелов" Русе Хранилище 2011-01-24 Хранилище 5.40 120000748753 Цб 250639 120000748753 1 2.76 Дост: Dp Вид: Д N: 19 Дата: 10.05.2010 Книги  
  Не е изгубен Не е повреден без рестрикции заемане за дома 151531 Регионална библиотека "Любен Каравелов" Русе Регионална библиотека "Любен Каравелов" Русе Заемна - подръчен фонд 2012-05-29 Заемна - подръчен фонд 5.40 120000757840 373.3.016:821/П 92 120000757840 2 2.76 Дост: DA Вид: А N: 8 Дата: 28.05.2012 Дата инв: 15.02.2018 Бележки инв: П2018 Книги Universal Decimal Classification
Vip Innovations Ltd, Rousse, Bulgaria 2025